[Event "AUTO-OPEN-4230"]
[Site "http://www.queenalice.com/game.php?id=1633576"]
[Date "2020.11.19"]
[Round "1"]
[White "HELDER"]
[Black "SGF"]
[Result "0-1"]
[WhiteElo "1722"]
[BlackElo "1543"]

1. e4 e5 2. Nf3 d6 3. d4 Bg4 4. Bc4 Nc6 5. c3 h6 6. h3 Bxf3 7. Qxf3 Qf6 8. h4
Qxf3 9. gxf3 exd4 10. cxd4 Nxd4 11. Kd2 Nxf3+ 12. Ke3 Ne5 13. Na3 Nxc4+ 14. Nxc4
Nf6 15. f3 O-O-O 16. e5 dxe5 17. Nxe5 Re8 18. f4 Ng4+ 19. Kf3 Nxe5+ 20. fxe5
Rxe5 21. Bf4 Rf5 22. Ke4 g6 23. Rac1 c6 24. Be5 f6 25. Bd4 a6 26. Rhg1 Rh5 27.
Bxf6 Rg8 28. Rcd1 Bc5 29. Bd4 Rxh4+ 30. Ke5 Re8+ 31. Kf6 Bxd4+ 32. Kf7 Kd7 33.
Rxg6 Rf4+ 34. Rf6 Rxf6+ 35. Kg7 Rf1+ 36. Rxd4+ Kc7 37. Kxh6 Rg1 38. Kh7 Re2 39.
Rh4 Rxb2 40. Kh8 b5 41. Rh7+ Kb6 42. a3 Ra2 43. Rg7 Rh1+ 44. Kg8 Rxa3 45. Kf8 b4
46. Rf7 Rd3 47. Ke8 b3 48. Rd7 Rh8+ 49. Ke7 Re3+ 50. Kf6 b2 51. Rd1 Rb3 52. Kg7
Rh2 53. Kf7 b1=Q 54. Rxb1 Rxb1 55. Kf6 Re1 56. Kf5 Rf2+ 57. Kg4 Rg1+ 58. Kh3 Rg8
59. Kh4 Rh2# 0-1

[Event "AUTO-ADV-4425"]
[Site "http://www.queenalice.com/game.php?id=1633830"]
[Date "2020.11.22"]
[Round "1"]
[White "forever"]
[Black "HELDER"]
[Result "1-0"]
[WhiteElo "1790"]
[BlackElo "1703"]

1. d4 e5 2. e4 Nc6 3. d5 Nd4 4. Be3 Bc5 5. c3 Nf6 6. cxd4 exd4 7. Bxd4 Nxe4 8.
Qe2 Qe7 9. Nf3 O-O 10. Bxc5 Qxc5 11. Nbd2 Qb4 12. b3 f5 13. Qc4 c5 14. Bd3 Nd6
15. Qh4 Re8+ 16. Be2 Ne4 17. Rd1 d6 18. O-O Nc3 19. Rde1 Rxe2 20. Qd8+ Kf7 21.
Ng5+ Kg6 22. Ngf3 a5 23. Qxd6+ Kh5 24. Nc4 Ra6 25. Qd8 h6 26. Qxc8 g5 27. Qxf5
Ne4 28. g4# 1-0

[Event "AUTO-ADV-4425"]
[Site "http://www.queenalice.com/game.php?id=1633831"]
[Date "2020.11.22"]
[Round "1"]
[White "HELDER"]
[Black "forever"]
[Result "0-1"]
[WhiteElo "1690"]
[BlackElo "1823"]

1. e4 e5 2. Nf3 d6 3. d4 exd4 4. Qxd4 Nf6 5. e5 Ng4 6. h3 Nc6 7. Bb5 Nxe5 8. Nc3
Bd7 9. Qd5 a6 10. Ng5 Qf6 11. Bxc6 Bxc6 12. Qb3 h6 13. Nce4 Qg6 14. f3 d5 15. f4
dxe4 16. fxe5 hxg5 17. Rf1 Be7 18. Be3 O-O-O 19. Rxf7 Bd5 20. c4 Bxf7 21. Rc1
Rd3 22. Rc3 Rhd8 23. Ke2 Qh5+ 24. g4 Qxh3 25. Rxd3 Rxd3 26. Qc2 Qxe3+ 27. Kf1
Rd2 0-1

[Event "AUTO-ADV-4425"]
[Site "http://www.queenalice.com/game.php?id=1633844"]
[Date "2020.11.22"]
[Round "1"]
[White "CERVERO"]
[Black "HELDER"]
[Result "1-0"]
[WhiteElo "1966"]
[BlackElo "1671"]

1. e4 e5 2. Nf3 d5 3. Nxe5 dxe4 4. Bc4 Be6 5. Bxe6 fxe6 6. Qh5+ g6 7. Nxg6 Nf6
8. Qh3 Rg8 9. Qxe6+ Be7 10. Nxe7 Qxe7 11. Qxe7+ Kxe7 12. g3 c5 13. b3 Nc6 14.
Bb2 Ng4 15. h3 Nge5 16. Ke2 Raf8 17. Nc3 Nd4+ 18. Kf1 Nxc2 19. Rc1 Nd3 20. Rxc2
Nxf2 21. Kg2 h5 22. Nd5+ Kd6 23. Nf4 Nd3 24. Nxd3 exd3 25. Rc3 h4 26. Rxd3+ Kc6
27. g4 Rg6 28. Rf3 Re8 29. Rhf1 Re2+ 30. R1f2 Re1 31. Rf6+ Re6 32. Rxg6 Rxg6 33.
Rf6+ Rxf6 34. Bxf6 Kb5 35. a3 a5 36. Kf2 a4 37. bxa4+ Kxa4 38. Ke3 Kxa3 39. g5
b5 40. Kd3 b4 41. Kc4 b3 42. Kxc5 b2 43. Bxb2+ Kxb2 44. d4 Kc3 45. d5 Kd3 46. g6
Ke3 47. g7 Kf4 48. g8=Q Kf3 49. d6 Ke3 50. Qg4 Kd3 51. d7 Kc3 52. d8=Q Kb3 53.
Qd3+ Kb2 54. Qg2+ Kc1 55. Qdf1# 1-0

[Event "AUTO-ADV-4425"]
[Site "http://www.queenalice.com/game.php?id=1633845"]
[Date "2020.11.22"]
[Round "1"]
[White "HELDER"]
[Black "CERVERO"]
[Result "0-1"]
[WhiteElo "1679"]
[BlackElo "1870"]

1. e4 c5 2. Nf3 d6 3. d4 cxd4 4. Qxd4 Nc6 5. Bb5 Qc7 6. Bxc6+ Qxc6 7. e5 e6 8.
O-O d5 9. b4 Ne7 10. Bg5 h6 11. b5 Qc7 12. Bxe7 Bxe7 13. Qa4 O-O 14. c4 Bd7 15.
Nc3 Rfc8 16. Rac1 Qxc4 17. Nd2 Qc7 18. Nxd5 Qd8 19. Rxc8 Rxc8 20. g4 a6 21. Nf4
Bxb5 22. Qe4 Qxd2 23. Qxb7 Rd8 24. Qxe7 Re8 25. Qc7 Bxf1 26. Qc6 Rd8 27. Nh5 Bb5
28. Qb7 Qc1+ 29. Kg2 Bc6+ 30. Qxc6 Qxc6+ 31. f3 Rd2+ 32. Kg3 Rxa2 33. f4 Qg2+
34. Kh4 Qxh2# 0-1

[Event "AUTO-ADV-4425"]
[Site "http://www.queenalice.com/game.php?id=1633853"]
[Date "2020.11.22"]
[Round "1"]
[White "HELDER"]
[Black "Canaye"]
[Result "0-1"]
[WhiteElo "1738"]
[BlackElo "1736"]

1. e4 e6 2. d4 d5 3. Nc3 dxe4 4. Nxe4 Nd7 5. c3 Ngf6 6. Bg5 Be7 7. Bxf6 Nxf6 8.
Bd3 Nxe4 9. Bxe4 O-O 10. Nf3 c5 11. Ne5 cxd4 12. O-O dxc3 13. Qh5 f5 14. Bd3 Bf6
15. f4 Bxe5 16. fxe5 Qxd3 17. Rad1 Qe3+ 18. Kh1 c2 19. Rde1 Qc5 20. h3 Bd7 21.
a3 Rac8 22. b4 Qe7 23. Rf3 c1=Q 24. Rxc1 Rxc1+ 25. Kh2 Rfc8 26. Rg3 Re1 27. Qh6
Rcc1 28. Rg5 Rh1+ 29. Kg3 f4+ 30. Kxf4 Rc3 31. Rh5 Qf7+ 32. Kg4 gxh6 33. Rxh6
Re1 34. Rf6 Re4+ 35. Kg5 Rg3+ 36. Kh6 Rh4# 0-1

[Event "AUTO-OPEN-4230"]
[Site "http://www.queenalice.com/game.php?id=1643181"]
[Date "2021.2.10"]
[Round "2"]
[White "HELDER"]
[Black "mascarade"]
[Result "0-1"]
[WhiteElo "1705"]
[BlackElo "2266"]

1. e4 e5 2. Nf3 Nc6 3. c3 b6 4. d4 d5 5. Bb5 Bd7 6. exd5 Nce7 7. Na3 a6 8. Bc6
Nxc6 9. dxc6 Bxc6 10. Nxe5 Bxg2 11. Qb3 Bd5 12. c4 Bxh1 13. c5 Bd5 14. Nac4 b5
15. Qe3 Qe7 16. Na5 c6 17. Nb7 Qxb7 18. Ng6+ Be7 19. Nxh8 O-O-O 20. Qh3+ Kb8 21.
Bf4+ Ka8 22. Qxh7 Bf6 23. Be5 Qe7 24. O-O-O Bg5+ 25. f4 Bf3 26. fxg5 Qxg5+ 27.
Rd2 Qg1+ 28. Kc2 f6 29. Bc7 Re8 30. Rd3 Re2+ 31. Kc3 Qe1+ 32. Kb3 Bd5+ 33. Ka3
a5 34. Rc3 b4+ 35. Ka4 Rxb2 36. Qd3 Rxa2+ 37. Ra3 Rxa3+ 38. Qxa3 Qd1+ 39. Kxa5
bxa3 40. Ka6 Qb3 41. Nf7 Qb5# 0-1

[Event "AUTO-OPEN-4230"]
[Site "http://www.queenalice.com/game.php?id=1643182"]
[Date "2021.2.10"]
[Round "2"]
[White "mascarade"]
[Black "HELDER"]
[Result "1-0"]
[WhiteElo "2273"]
[BlackElo "1707"]

1. e4 e5 2. f4 Nc6 3. d3 Bc5 4. Nf3 d6 5. Nc3 exf4 6. Bxf4 Qf6 7. Bd2 Nd4 8.
Nxd4 Bxd4 9. Qe2 Bg4 10. Qxg4 h5 11. Qe2 h4 12. O-O-O O-O-O 13. Qg4+ Rd7 14. g3
hxg3 15. Bh3 Rxh3 16. Qxh3 Qf2 17. hxg3 g5 18. Rdf1 g4 19. Qxg4 Qg2 20. Qxg8+
Rd8 21. Qxf7 Rd7 22. Qe6 c6 23. Rf8+ Kc7 24. Rhf1 Rh7 25. R8f7+ Rxf7 26. Rxf7+
Kb6 27. Na4+ Ka6 28. Qc4+ b5 29. Qxc6+ Bb6 30. Rxa7+ Kxa7 31. Qxb6+ Ka8 32. Qc6+
Kb8 33. Qxd6+ Ka8 34. Nb6+ Kb7 35. Qd5+ Kxb6 36. Be3+ Ka5 37. Qa8+ Kb4 38. c3#
1-0

[Event "AUTO-OPEN-4557"]
[Site "http://www.queenalice.com/game.php?id=1846237"]
[Date "2024.10.26"]
[Round "1"]
[White "HELDER"]
[Black "CCapivara"]
[Result "0-1"]
[WhiteElo "1718"]
[BlackElo "2157"]

1. e4 d6 2. d4 Nf6 3. Nc3 c6 4. d5 g6 5. Bg5 Bg7 6. e5 dxe5 7. Bd3 Nxd5 8. Be4
Nxc3 9. bxc3 Qxd1+ 10. Rxd1 f5 11. Bf3 e4 12. Be2 Bxc3+ 13. Bd2 Bxd2+ 14. Rxd2
Be6 15. Nh3 Nd7 16. Ng5 Bg8 17. O-O O-O-O 18. g4 h6 19. Nh3 Ne5 20. Rfd1 Rxd2
21. Rxd2 fxg4 22. Nf4 Bxa2 23. c3 Bf7 24. Rd4 Nf3+ 25. Bxf3 exf3 26. Re4 g5 27.
Rxe7 Re8 28. Rxe8+ Bxe8 29. Nd3 a5 30. Nb2 b5 31. Kf1 a4 32. Nd3 Kc7 33. Ke1 Kb6
34. Kd1 c5 35. Kc2 Bg6 36. Kd2 Bxd3 37. Kxd3 b4 38. cxb4 cxb4 39. Kc4 b3 40. Kb4
b2 41. Kxa4 b1=Q 42. Ka3 Kc5 43. Ka4 Qb4# 0-1

[Event "AUTO-OPEN-4557"]
[Site "http://www.queenalice.com/game.php?id=1846238"]
[Date "2024.10.26"]
[Round "1"]
[White "CCapivara"]
[Black "HELDER"]
[Result "1-0"]
[WhiteElo "2170"]
[BlackElo "1720"]

1. e4 e5 2. Nf3 Nc6 3. Bb5 Nd4 4. Nxd4 exd4 5. O-O Qg5 6. Bc4 d5 7. Bxd5 Bh3 8.
Qf3 Bg4 9. Qb3 Nh6 10. d3 Qg6 11. Bxh6 Kd8 12. Bf4 Bh3 13. Bg3 Be6 14. Bxe6 fxe6
15. Qxb7 Rc8 16. Nd2 Bd6 17. Bxd6 cxd6 18. Nc4 e5 19. f4 Rf8 20. fxe5 Rxf1+ 21.
Rxf1 Rc7 22. Qb8+ Kd7 23. exd6 Rxc4 24. dxc4 Qe8 25. Qxe8+ Kxe8 26. c5 Kd7 27.
Rf7+ Ke6 28. Rxg7 Ke5 29. d7 Kxe4 30. d8=Q Ke3 31. c6 Kd2 32. Qxd4+ Kxc2 33. Re7
Kb1 34. b4 Kxa2 35. Re3 h5 36. Qd2+ Kb1 37. Re1# 1-0

[Event "AUTO-OPEN-4557"]
[Site "http://www.queenalice.com/game.php?id=1846239"]
[Date "2024.10.26"]
[Round "1"]
[White "HELDER"]
[Black "Jovanina1"]
[Result "0-1"]
[WhiteElo "1714"]
[BlackElo "2135"]

1. e4 g6 2. d4 Bg7 3. Nf3 d6 4. d5 Bg4 5. Nc3 Bxc3+ 6. bxc3 Nd7 7. h3 Bxf3 8.
Qxf3 a6 9. Bf4 c6 10. Bc4 c5 11. Rb1 b6 12. h4 b5 13. Be2 Qa5 14. Bd2 Qxa2 15.
O-O Qa5 16. h5 Ne5 17. Qh3 Nf6 18. f4 Ned7 19. e5 Ne4 20. Ra1 Qb6 21. Be3 Nxc3
22. Bg4 Nf8 23. e6 f6 24. hxg6 Nxg6 25. Bh5 Rg8 26. f5 Nxd5 27. fxg6 hxg6 28.
Bxg6+ Kd8 29. Qh7 Kc7 30. Rxf6 Rh8 31. Qg7 Rag8 32. Qf7 Rf8 33. Qg7 Nxf6 34. Rf1
Qc6 35. Qxe7+ Kb6 36. Rxf6 Rfg8 37. Rf7 Rxg6 38. Qa7+ Ka5 39. Bd2+ b4 40. Bxb4+
cxb4 41. Rf5+ d5 42. Qd4 Rd8 43. e7 Rdd6 44. Qa1+ Kb5 0-1

[Event "AUTO-OPEN-4557"]
[Site "http://www.queenalice.com/game.php?id=1846240"]
[Date "2024.10.26"]
[Round "1"]
[White "Jovanina1"]
[Black "HELDER"]
[Result "1-0"]
[WhiteElo "2135"]
[BlackElo "1718"]

1. f3 e5 2. g3 d5 3. Nh3 e4 4. Nf2 Qe7 5. Bg2 f5 6. f4 d4 7. e3 d3 8. cxd3 exd3
9. Nxd3 Nf6 10. Nc3 Qd6 11. Ne5 Ng4 12. Nxg4 fxg4 13. O-O h5 14. d4 h4 15. Qa4+
Bd7 16. Qd1 h3 17. Bxb7 Bc6 18. Bxa8 Bxa8 19. e4 Qc6 20. Qxg4 Bb4 21. Nd5 O-O
22. Qxh3 Qc4 23. Qe6+ Kh8 24. Be3 Nc6 25. Qh3+ Kg8 26. b3 Qd3 27. Qg2 Nxd4 28.
Bxd4 Qxd4+ 29. Kh1 Bc5 30. Rad1 Rd8 31. Rxd4 Bxd4 32. Qh3 Re8 33. Qf5 Bc6 34. h3
Bb5 35. Rd1 Bf2 36. Nxc7 Be2 37. Nxe8 Bxd1 38. Qd5+ Kf8 39. Qxd1 Kxe8 40. g4 Be3
41. Qd6 Bc1 42. f5 Bg5 43. Qb8+ Kf7 44. Qxa7+ Kf6 45. Qc5 Kf7 46. e5 Be7 47. Qc7
Ke8 48. e6 g6 49. Qc8+ Bd8 50. f6 g5 51. e7 Kf7 52. exd8=Q Kg6 53. Qcd7 Kh6 54.
Qg7# 1-0

[Event "AUTO-OPEN-4557"]
[Site "http://www.queenalice.com/game.php?id=1846242"]
[Date "2024.10.26"]
[Round "1"]
[White "Kapablanca"]
[Black "HELDER"]
[Result "1-0"]
[WhiteElo "2165"]
[BlackElo "1716"]

1. e4 e5 2. Nf3 Nc6 3. Bb5 Nd4 4. Nxd4 exd4 5. d3 a6 6. Ba4 b5 7. Bb3 c6 8. O-O
a5 9. a3 d5 10. exd5 cxd5 11. Re1+ Be6 12. Bf4 Bd6 13. Bxd5 Bxf4 14. Bxa8 Qxa8
15. Nd2 Nf6 16. Ne4 Ng4 17. h3 Bh2+ 18. Kh1 Nxf2+ 19. Nxf2 O-O 20. Kxh2 Qb8+ 21.
Kg1 Bd5 22. Qg4 f5 23. Qg5 h6 24. Qe7 Qg3 25. Kf1 Rc8 26. Ne4 Qf4+ 27. Kg1 fxe4
28. dxe4 Rxc2 29. Rf1 Qd2 30. Qf8+ Kh7 31. Qf5+ Kh8 32. Qf8+ Kh7 33. Rf2 Rc1+
34. Rxc1 Qxc1+ 35. Rf1 Qe3+ 36. Qf2 Qxe4 37. Qf5+ g6 38. Qxe4 Bxe4 39. Rf4 Bc2
40. Rxd4 a4 41. Kf2 h5 42. h4 Kg7 43. Rd5 Kf6 44. Rxb5 Ke6 45. g3 Kd6 46. Ke3
Kc6 47. Rg5 Bf5 48. Rxf5 gxf5 49. Kf4 Kc5 50. Kxf5 Kc4 51. g4 hxg4 52. Kxg4 Kb3
53. h5 Kxb2 54. h6 Kxa3 55. h7 Kb3 56. h8=Q a3 57. Qa1 a2 58. Kf3 Ka3 59. Ke2
Kb3 60. Kd2 Ka3 61. Kc2 Kb4 62. Qxa2 Kc5 63. Kc3 Kd6 64. Kd4 Ke7 65. Ke5 Kd7 66.
Qe6+ Kd8 67. Qf7 Kc8 68. Kd6 Kb8 69. Kc6 Ka8 70. Qb7# 1-0

[Event "AUTO-ADV-4822"]
[Site "http://www.queenalice.com/game.php?id=1846283"]
[Date "2024.10.27"]
[Round "1"]
[White "yy"]
[Black "HELDER"]
[Result "1-0"]
[WhiteElo "2000"]
[BlackElo "1711"]

1. e4 e5 2. Nf3 Nc6 3. d4 d5 4. dxe5 dxe4 5. Qxd8+ Nxd8 6. Nfd2 Bf5 7. Nc3 Nc6
8. Ndxe4 Nd4 9. Bd3 O-O-O 10. Be3 Nc6 11. f4 f6 12. exf6 gxf6 13. O-O-O Nh6 14.
Nxf6 Bg7 15. Nh5 Bd4 16. Bxf5+ Nxf5 17. Bxd4 Rxd4 18. Rxd4 Ncxd4 19. Rd1 Re8 20.
g4 Ne3 21. Rxd4 Nf1 22. h4 c5 23. Re4 Rg8 24. Nf6 Rg6 25. Re8+ Kc7 26. Ncd5+ Kc6
27. g5 h6 28. Ne7+ Kb5 29. Nxg6 a5 30. gxh6 a4 31. h7 c4 32. h8=Q c3 33. Re5+
Kb4 34. Qf8+ Kc4 35. Qc5# 1-0

[Event "AUTO-ADV-4822"]
[Site "http://www.queenalice.com/game.php?id=1846284"]
[Date "2024.10.27"]
[Round "1"]
[White "HELDER"]
[Black "yy"]
[Result "0-1"]
[WhiteElo "1716"]
[BlackElo "1995"]

1. e4 e5 2. Nf3 d6 3. d4 Bg4 4. Be2 f6 5. Nc3 h5 6. dxe5 fxe5 7. Bg5 Be7 8. h3
Bxf3 9. gxf3 Bxg5 10. h4 Bxh4 11. Qd5 c6 12. Bb5 Ne7 13. Qe6 Rh6 14. Qh3 Ng6 15.
Nd5 cxb5 16. Qe6+ Be7 17. Qg8+ Bf8 18. Qe6+ Ne7 19. Qh3 Nbc6 20. f4 exf4 21.
Nxf4 h4 22. O-O-O Rc8 23. Qf3 Ne5 24. Qb3 a6 25. Ne6 Qd7 26. Ng5 a5 27. f4 Qg4
28. Rdf1 Rf6 29. Rhg1 Qh5 30. fxe5 Rxf1+ 31. Rxf1 Qxg5+ 32. Kb1 Qxe5 33. Qf7+
Kd7 34. Rf5 Qxe4 35. Rf2 Qe1# 0-1

[Event "AUTO-ADV-4822"]
[Site "http://www.queenalice.com/game.php?id=1846297"]
[Date "2024.10.27"]
[Round "1"]
[White "maurice916"]
[Black "HELDER"]
[Result "1-0"]
[WhiteElo "1835"]
[BlackElo "1730"]

1. Nf3 Nc6 2. d4 d5 3. b3 Nf6 4. Bb2 Ne4 5. e3 e5 6. dxe5 Bg4 7. Bb5 a6 8. Be2
f6 9. exf6 gxf6 10. Nd4 Rg8 11. Bxg4 f5 12. Bh5+ Rg6 13. Nxf5 Qg5 14. Bxg6+ hxg6
15. Ng3 Bb4+ 16. c3 Qf6 17. O-O d4 18. Nxe4 Qh4 19. cxb4 Qxe4 20. exd4 Rd8 21.
Re1 Qxe1+ 22. Qxe1+ Kf8 23. b5 Re8 24. Qxe8+ Kxe8 25. bxc6 b6 26. d5 Ke7 27. Nc3
Kd8 28. Re1 b5 29. Ne4 Kc8 30. h4 Kb8 31. Be5 a5 32. d6 cxd6 33. Bxd6+ Ka7 34.
a3 Kb6 35. c7 Kb7 36. Nc5+ Kc6 37. c8=Q+ Kxd6 38. Re6+ Kd5 39. Qc6+ Kd4 40. Re4+
Kc3 41. Na6+ Kxb3 42. Qxb5+ Kxa3 43. Ra4# 1-0

[Event "AUTO-ADV-4822"]
[Site "http://www.queenalice.com/game.php?id=1846298"]
[Date "2024.10.27"]
[Round "1"]
[White "HELDER"]
[Black "maurice916"]
[Result "1-0"]
[WhiteElo "1707"]
[BlackElo "1879"]

1. e4 c6 2. d4 d5 3. exd5 cxd5 4. Nf3 Nf6 5. c4 Nc6 6. Qa4 Bd7 7. cxd5 Ne5 8.
Bb5 Nxf3+ 9. gxf3 a6 10. Bxd7+ Nxd7 11. d6 exd6 12. O-O Be7 13. Re1 b5 14. Qc2
O-O 15. a4 Rc8 16. Nc3 Bf6 17. Re4 b4 18. Rg4 bxc3 19. bxc3 Re8 20. Bh6 g6 21.
Qf5 Re6 22. d5 Re5 23. Qf4 Rxd5 24. Rb1 Rh5 25. Rb7 Be5 26. Qd2 Bxh2+ 27. Kf1
Ne5 28. Qd5 Rc7 29. Rxc7 Qxc7 30. Qa8+ Qd8 31. Qxd8# 1-0

[Event "AUTO-ADV-4822"]
[Site "http://www.queenalice.com/game.php?id=1846305"]
[Date "2024.10.27"]
[Round "1"]
[White "game"]
[Black "HELDER"]
[Result "0-1"]
[WhiteElo "1607"]
[BlackElo "1699"]

1. e4 e5 2. Nf3 Nc6 3. d4 Nf6 4. Nxe5 Nxe4 5. Qf3 f6 6. Bc4 Ng5 7. Qd5 Nb4 8.
Qa5 Nxc2+ 9. Kd2 Nxd4 10. Ng4 Ne4+ 11. Kd3 Nc6 12. Qf5 d5 13. Bxd5 Bxf5 14. Ne3
Bc5 15. Nxf5 Qxd5+ 16. Kc2 Nb4# 0-1

[Event "AUTO-ADV-4822"]
[Site "http://www.queenalice.com/game.php?id=1846306"]
[Date "2024.10.27"]
[Round "1"]
[White "HELDER"]
[Black "game"]
[Result "1-0"]
[WhiteElo "1711"]
[BlackElo "1595"]

1. e4 d6 2. d4 c5 3. d5 Nf6 4. h3 Nxe4 5. Qe2 f5 6. Qb5+ Nd7 7. f3 Ng3 8. Rh2 e5
9. dxe6 a6 10. exd7+ Bxd7 11. Qxb7 g5 12. f4 gxf4 13. Bxf4 Bg7 14. Bxg3 Kf7 15.
Qd5+ Be6 16. Qb7+ Bd7 17. Bc4+ Kg6 18. Qd5 Re8+ 19. Ne2 Bxb2 20. Qf7+ Kg5 21.
Bf4+ Kh4 22. g3# 1-0